Aplikácia kvantitatívnych metód v zásobovaní a doprave v chorvátskom cestovnom ruchu
Zásobovanie a doprava tovarov a doprava osôb v zariadeniach cestovného ruchu. Príležitosti uplatnenia kvantitatívnych metód rozhodovania na zníženie nákladov v doprave. Výhody a nevýhody aplikácie kvantitatívnych metód rozhodovania skúmané prostredníctvom konkrétnej prípadovej štúdie. Zásobovanie a...
Salvato in:
| Autore principale: | |
|---|---|
| Natura: | Capitolo di libro |
| Lingua: | slovacco |
| Soggetti: | |
| Tags: |
Nessun Tag, puoi essere il primo ad aggiungerne!!
|
MARC
| LEADER | 00000naa$a2200000$$$4500 | ||
|---|---|---|---|
| 001 | 0021629 | ||
| 005 | 20231016071608.0 | ||
| 041 | 0 | |a slo | |
| 044 | |a SK | ||
| 245 | 1 | 0 | |a Aplikácia kvantitatívnych metód v zásobovaní a doprave v chorvátskom cestovnom ruchu |c Igor Brajdič |
| 520 | |a Zásobovanie a doprava tovarov a doprava osôb v zariadeniach cestovného ruchu. Príležitosti uplatnenia kvantitatívnych metód rozhodovania na zníženie nákladov v doprave. Výhody a nevýhody aplikácie kvantitatívnych metód rozhodovania skúmané prostredníctvom konkrétnej prípadovej štúdie. Zásobovanie a doprava v chorvátskom cestovnom ruchu. | ||
| 610 | 2 | 0 | |a ruch cestovný |
| 610 | 2 | 0 | |a doprava |
| 610 | 2 | 0 | |a zásobovanie |
| 610 | 2 | 0 | |a metódy kvantitatívne |
| 610 | 2 | 0 | |a metódy matematické |
| 610 | 2 | 0 | |a Chorvátsko |
| 100 | 1 | |a Brajdič, Igor | |